000
00330nam a2200133Ia 4500
008
150301s2004 xx 000 0 und d
082
_a
610.7367
_b
I04J
100
_a
W.H.O.
245
_a
INTEGRATED MANAGEMENTOF PRAGNANCY AND CHILD BIRTH
260
_b
A.I.T.B.S
_c
2004
300
_a
375
650
_a
OBS.& GYNE.
942
_2
ddc
_c
BK
999
_c
6802
_d
6802